Vivian Maier : street photographer /
Enregistré dans:
| Auteur principal: | |
|---|---|
| Autres auteurs: | , |
| Format: | Livre |
| Langue: | anglais |
| Publié: |
Brooklyn, NY :
Power House Books,
2011
|
| Tags: |
Pas de tags, Soyez le premier à ajouter un tag!
|
MARC
| LEADER | 00000nam a22000007i 4500 | ||
|---|---|---|---|
| 001 | IT\ICCU\PUV\1386118 | ||
| 003 | ItRI | ||
| 005 | 20260115232012.0 | ||
| 008 | 140225s2011 xxu|||||| ||||| |||||c | ||
| 020 | |a 9781576875773 | ||
| 040 | |b ita |c importazione bologna sebina | ||
| 041 | 7 | |a eng |2 ISO-639-2 | |
| 100 | 1 | |a Maier, Vivian |0 IT\ICCU\PUVV\429599 |4 pht | |
| 245 | 1 | 0 | |a Vivian Maier : |b street photographer / |c edited by John Maloof ; foreword by Geoff Dyer. |
| 260 | |a Brooklyn, NY : |b Power House Books, |c 2011 | ||
| 300 | |a 123 p. : |b ill. ; |c 29 cm. | ||
| 700 | 1 | |a Dyer, Geoff |0 IT\ICCU\RAVV\084242 |4 aut | |
| 700 | 1 | |a Maloof, John |0 IT\ICCU\PUVV\429598 |4 edt | |
| 942 | |2 ddc |c BK |n 0 | ||
| 952 | |0 0 |1 0 |4 0 |6 DOC_770_920000000000000_MAL |7 0 |9 18732 |a BO |b BO |d 2026-01-15 |i 18095 |l 0 |o DOC 770.92 MAL |p BO18095 |r 2026-01-15 23:20:12 |w 2026-01-15 |x [Sebina 7] [1 v.] |y BK |z 1 v. | ||
| 999 | |c 15895 |d 15895 | ||